Clue : ¿quién es el culpable? [juego] /
Guardado en:
| Formato: | Objeto Físico |
|---|---|
| Publicado: |
Argentina :
Toy company,
c2004.
|
| Materias: | |
| Etiquetas: |
Agregar Etiqueta
Sin Etiquetas, Sea el primero en etiquetar este registro!
|
| LEADER | 00721nrm a22001575g 4500 | ||
|---|---|---|---|
| 001 | CEM.cems019328 | ||
| 008 | 130507s2004##################0###0#####d | ||
| 005 | 20220830154936.0 | ||
| 003 | CEMS | ||
| 245 | 0 | 0 | |a Clue : |b ¿quién es el culpable? [juego] / |c Hasbro. |
| 260 | |a Argentina : |b Toy company, |c c2004. | ||
| 300 | |a 1 juego (1 tablero, 6 p.eones, 6 armas, 2 dados, 21 cartas, block anotador, sobre confidencial) ; en caja 28 x 37 x 6 cm. + manual de instrucciones | ||
| 500 | |a Para 3 a 6 jugadores a partir de 8 años objetivo: encontrar las respuestas a ¿quién lo hizo?, ¿dónde? y ¿con qué arma? | ||
| 082 | 0 | 4 | |a J793.93 |
| 653 | |a 1. juegos de intriga y deducción | ||
| 859 | |a CEMS |b BIB. CEMS - Ludoteca |h J793.93 |i H27 |p 392.11 |t Ej.1 | ||
